000 00501nam a22001577a 4500
005 20251108172400.0
008 250721s1987 xx 000 0 ara d
082 1 4 _a301.1/نور
100 1 _aالحافظ، نوري
245 1 0 _aالتكيف و إنعكاساته الإيجابية /
264 1 _aبيروت :
_bالمؤسسة العربية للدراسات و النشر،
_c1987.
300 _a295ص
650 1 7 _aعلم النفس الإجتماعي
942 _2ddc
_cBK
999 _c77802
_d77802